[Event "POL-ch U10"]
[Site "Jastrzebia Gora"]
[Date "2022.03.16"]
[Round "9"]
[White "Rogaczewski, Olaf"]
[Black "Dzielak, Aleksander"]
[Result "0-1"]
[WhiteElo "1174"]
[BlackElo "1111"]
[PlyCount "76"]
[EventDate "2022.03.08"]
[EventType "swiss"]
[EventRounds "9"]
[EventCountry "POL"]
[SourceTitle "EXT 2023"]
[Source "ChessBase"]
[SourceDate "2022.10.05"]
[SourceVersion "1"]
[SourceVersionDate "2022.10.05"]
[SourceQuality "1"]

1. d4 Nf6 2. c4 g6 3. Nf3 Bg7 4. Nc3 0-0 5. e4 d6 6. Bd3 c5 7. d5 Nbd7 8. 0-0 Nb6 9. Be3 Ng4 10. Qd2 Nxe3 11. fxe3 Nd7 12. a3 Ne5 13. Nxe5 Bxe5 14. Rac1 e6 15. Qf2 Qg5 16. Be2 b6 17. Bf3 Bg7 18. dxe6 Bxe6 19. Nd5 Bxd5 20. exd5 Rae8 21. e4 Bd4 22. Qxd4 cxd4 23. Kh1 Rc8 24. Rfd1 d3 25. Rc3 h5 26. Rdxd3 Rfe8 27. Re3 Qe5 28. Red3 Kg7 29. Kg1 Rc7 30. b3 Rec8 31. Kh1 b5 32. g3 bxc4 33. bxc4 Rxc4 34. Rb3 Rc1+ 35. Kg2 R8c2+ 36. Kh3 h4 37. Re3 Rxh2+ 38. Kxh2 Qxg3# 0-1

[Event "POL-ch U10"]
[Site "Jastrzebia Gora"]
[Date "2022.03.12"]
[Round "5"]
[White "Plicner, Filip"]
[Black "Rogaczewski, Olaf"]
[Result "0-1"]
[WhiteElo "1010"]
[BlackElo "1174"]
[PlyCount "90"]
[EventDate "2022.03.08"]
[EventType "swiss"]
[EventRounds "9"]
[EventCountry "POL"]
[SourceTitle "EXT 2023"]
[Source "ChessBase"]
[SourceDate "2022.10.05"]
[SourceVersion "1"]
[SourceVersionDate "2022.10.05"]
[SourceQuality "1"]

1. e4 e6 2. d4 b6 3. Nf3 Bb7 4. Bd3 Nc6 5. Nc3 d6 6. Bb5 d5 7. Qe2 dxe4 8. Qxe4 Nge7 9. Bg5 f6 10. Be3 Qd6 11. Rd1 0-0-0 12. Bxc6 Bxc6 13. Qd3 Bb7 14. a4 Qb4 15. 0-0 e5 16. Qe2 e4 17. Nd2 Nc6 18. Ndxe4 Nxd4 19. Bxd4 Rxd4 20. Rxd4 Qxd4 21. Rd1 Qe5 22. Ng3 Qxe2 23. Ngxe2 Bc5 24. Nd4 Re8 25. h4 Ba6 26. Nf5 g6 27. Ng3 c6 28. h5 g5 29. Nf5 Re6 30. g4 Bc4 31. b3 Ba6 32. Kg2 Bb4 33. Na2 Be2 34. Rd4 Bc5 35. Rd2 Bxg4 36. Nd4 Bxd4 37. Rxd4 Bxh5 38. Rd2 f5 39. Nb4 Kc7 40. Na6+ Kc8 41. Nb4 c5 42. Na2 Kc7 43. Rd5 Bg4 44. f3 Re2+ 45. Kg3 Re3 0-1